A brief history of English literature
Αποθηκεύτηκε σε:
| Κύριος συγγραφέας: | |
|---|---|
| Μορφή: | Βιβλίο |
| Γλώσσα: | English |
| Δημοσίευση: |
Athens :
1949
|
| Θέματα: | |
| Ετικέτες: |
Προσθήκη ετικέτας
Δεν υπάρχουν, Καταχωρήστε ετικέτα πρώτοι!
|
MARC
| LEADER | 00000cam a2200000 i 4500 | ||
|---|---|---|---|
| 001 | 1/48277 | ||
| 008 | 961219s1949 eng d | ||
| 035 | |l 10026644 | ||
| 040 | |a GR-MY-UA |b gre |e aacr | ||
| 041 | 0 | |a eng | |
| 082 | 0 | |a 820.09 | |
| 100 | 1 | |a Chriss, D. J. | |
| 245 | 1 | 2 | |a A brief history of English literature / |c D. J. Chriss |
| 260 | |a Athens : |c 1949 | ||
| 300 | |a 195 p. | ||
| 500 | |a Includes index | ||
| 650 | 0 | 0 | |a English literature |x History. |
| 852 | |a INST |b CHIOS |e 19961219 |h 820.09 CHR |p 005200011460 |q 005200011460 |t BK |y 0 | ||
| 909 | |a Χ |b 016338 | ||